| 000 | 01005nam a22002537a 4500 | ||
|---|---|---|---|
| 005 | 20170124103034.0 | ||
| 010 | _aB-097519 | ||
| 020 |
_c30.00 _a8176043834 |
||
| 035 | _aB-097519 | ||
| 037 | _bCen Lib/Ret | ||
| 040 |
_aDPL _bHN |
||
| 082 |
_aउ _bस्कॉटस |
||
| 100 |
_aस्कॉट, सर वाल्टर _943705 |
||
| 245 |
_aचमत्कारी तावीज़ / _cसर वाल्टर स्कॉट |
||
| 246 |
_aChamatkari taveez / _bby Sir Walter Scott |
||
| 260 |
_aदिल्ली _bराजा पॉकेट बुक्स _c2001 |
||
| 270 |
_a330/1, मेन रोड, बुराड़ी _bदिल्ली _e110084 |
||
| 300 |
_a58पृ. : _c21सेमी (सजिल्द) _bसचित्र |
||
| 650 |
_aअंग्रेजी साहित्य _964705 |
||
| 650 |
_aउपन्यास _964706 |
||
| 650 |
_aEnglish literature _964707 |
||
| 650 |
_aFiction _98901 |
||
| 942 |
_2ddc _cHN _hउ _mस्कॉटस |
||
| 999 |
_c116080 _d116080 |
||